Rate processes in metallurgy (Record no. 79957)
[ view plain ]
| 000 -LEADER | |
|---|---|
| fixed length control field | 00888nam a2200181 a 4500 |
| 008 - FIXED-LENGTH DATA ELEMENTS--GENERAL INFORMATION | |
| fixed length control field | 120416s2000 ||||||||||||||||| || u |
| 020 ## - INTERNATIONAL STANDARD BOOK NUMBER | |
| International Standard Book Number | 8120314948 |
| 050 ## - LIBRARY OF CONGRESS CALL NUMBER | |
| Classification number | QC 174.17.R37 Moh |
| 100 ## - MAIN ENTRY--PERSONAL NAME | |
| Personal name | Mohanty, A. K |
| 245 10 - TITLE STATEMENT | |
| Title | Rate processes in metallurgy |
| 260 ## - PUBLICATION, DISTRIBUTION, ETC. | |
| Place of publication, distribution, etc. | New Delhi |
| Name of publisher, distributor, etc. | Prentice - Hall of India |
| Date of publication, distribution, etc. | 2000 |
| 350 ## - | |
| -- | 0.00 |
| 650 ## - SUBJECT ADDED ENTRY--TOPICAL TERM | |
| Topical term or geographic name entry element | METALLURGY |
| 650 ## - SUBJECT ADDED ENTRY--TOPICAL TERM | |
| Topical term or geographic name entry element | METAL |
| 995 ## - | |
| -- | MAIN LIBRARY OPEN ACCESS |
| -- | 0.00 |
| -- | 732706 |
| -- | CBU-MAIN LIBRARY (Kitwe) |
| -- | 1 |
| -- | 38.00 |
| -- | QC 174.17.R37 Moh |
| -- | 1 |
| -- | AVAILABLE |
| -- | Jul 5, 2006 |
| -- | 44445 |
| -- | Main Library Open Access Collection |
| 995 ## - | |
| -- | MAIN LIBRARY OPEN ACCESS |
| -- | 0.00 |
| -- | 732707 |
| -- | CBU-MAIN LIBRARY (Kitwe) |
| -- | 3 |
| -- | 38.00 |
| -- | QC 174.17.R37 Moh |
| -- | 3 |
| -- | AVAILABLE |
| -- | 44446 |
| -- | Main Library Open Access Collection |
| 995 ## - | |
| -- | ANNEX COLLECTION (Main Library) |
| -- | 0.00 |
| -- | 732705 |
| -- | CBU-MAIN LIBRARY (Kitwe) |
| -- | 2 |
| -- | 38.00 |
| -- | QC 174.17.R37 Moh |
| -- | 2 |
| -- | AVAILABLE |
| -- | 44444 |
| -- | Annex Low-Usage Collection |
| 999 ## - | |
| -- | 79957 |
| -- | 79957 |
| Withdrawn status | Lost status | Source of classification or shelving scheme | Damaged status | Not for loan | Permanent Location | Current Location | Shelving location | Date acquired | Total Checkouts | Full call number | Barcode | Date last seen | Copy number | Price effective from | Koha item type |
|---|---|---|---|---|---|---|---|---|---|---|---|---|---|---|---|
| CBU-MAIN LIBRARY, KITWE. | CBU-MAIN LIBRARY, KITWE. | 06/29/2023 | QC 174.17.R37 Moh | 44445 | 06/29/2023 | 1 | 06/29/2023 | MONOGRAPH | |||||||
| CBU-MAIN LIBRARY, KITWE. | CBU-MAIN LIBRARY, KITWE. | 06/29/2023 | QC 174.17.R37 Moh | 44446 | 06/29/2023 | 2 | 06/29/2023 | MONOGRAPH | |||||||
| CBU-MAIN LIBRARY, KITWE. | CBU-MAIN LIBRARY, KITWE. | 06/29/2023 | QC 174.17.R37 Moh | 44444 | 06/29/2023 | 3 | 06/29/2023 | MONOGRAPH |